000 00547cam a22001931 04500
001 46291
090 _a46291
100 _a19620801d1962 m y0pory5003 ba
101 1 _apor
102 _aPT
200 1 _aPerahim
_fConstantin-Virgil Gheorghiu
_gtrad. de António Fernandes
210 9 _aLisboa
_cBertrand,
_d[D.L. 1962]
215 _a236, [1] p.
_d19 cm
304 _aTít. orig.: Perahim
675 _a821.135.1-31"19"
_vBN
_zpor
700 1 _aGheorghiu,
_bC. Virgil,
_f1916-1992
702 1 _97
_aFernandes,
_bAntónio
_4730
801 0 _aPT
_bBN
_gRPC
990 _cLIVROS